000
00456nam a2200145Ia 4500
008
100122s9999 xx 000 0 und d
082
_b
65787
_a
823.08
100
_a
प्रधान मधुकर
245
_a
स्वप्न फुलोरा
260
_b
प्रपंच प्रकाशन
_c
2004
300
_a
99
630
_a
स्वप्न फुलोरा
730
_a
स्वप्न फुलोरा
942
_c
BOOK
999
_c
438669
_d
438666